Zazie /
Saved in:
| Main Author: | |
|---|---|
| Format: | Book |
| Language: | English |
| Published: |
London : New York :
J. Calder ; Riverrun Press,
1982.
|
| Tags: |
Add Tag
No Tags, Be the first to tag this record!
|
| LEADER | 01085pam a2200289 a 4500 | ||
|---|---|---|---|
| 001 | 001075789-9 | ||
| 005 | 20020606090541.3 | ||
| 008 | 820901r19821960enk 00011 eng | ||
| 010 | |a 82016701 | ||
| 020 | |a 0714538728 : |c $13.95 | ||
| 020 | |a 0714539236 (pbk.) : |c $5.95 | ||
| 035 | 0 | |a ocm09325499 | |
| 040 | |a DLC |c DLC | ||
| 041 | 1 | |a engfre | |
| 050 | 1 | 4 | |a PQ2633.U35 |b Z313 1982 |
| 100 | 1 | |a Queneau, Raymond, |d 1903-1976. | |
| 240 | 1 | 0 | |a Zazie dans le métro. |l English |
| 245 | 1 | 0 | |a Zazie / |c Raymond Queneau ; translated from the French by Barbara Wright. |
| 246 | 3 | |a Zazie in the metro. | |
| 260 | 0 | |a London : |b J. Calder ; |a New York : |b Riverrun Press, |c 1982. | |
| 300 | |a 207 p. ; |c 21 cm. | ||
| 500 | |a Translation of: Zazie dans le métro. | ||
| 500 | |a Reprint. Originally published: Zazie. London : Bodley Head, [1960] | ||
| 500 | |a Spine title: Zazie in the metro. | ||
| 776 | 0 | 8 | |i Online version: |a Queneau, Raymond, 1903-1976. |s Zazie dans le métro. English. |t Zazie. |d London : J. Calder ; New York : Riverrun Press, 1982 |w (OCoLC)647231622 |
| 988 | |a 20020608 | ||
| 906 | |0 DLC | ||


